[Event "Vasteras Open"]
[Site "Vasteras"]
[Date "2014.09.27"]
[Round "5.8"]
[White "Norberg, Johan"]
[Black "Kockum, Anton Frisk"]
[Result "0-1"]
[WhiteElo "2306"]
[BlackElo "2371"]

1.g3 c5 2.Nf3 Nc6 3.Bg2 g6 4.O-O Bg7 5.e4 e5 6.d3 Nge7 7.Be3 d6 8.Qd2 O-O 
9.Bh6 f5 10.Nc3 f4 11.Bxg7 Kxg7 12.Nd5 Nxd5 13.exd5 Nd4 14.Nxd4 cxd4 15.
Rfe1 f3 16.Bf1 Bf5 17.c4 Qc8 18.Kh1 b6 19.b4 a5 20.a3 Rf7 21.Rac1 axb4 22.
axb4 Bh3 23.c5 bxc5 24.bxc5 Bxf1 25.Rxf1 dxc5 26.Qg5 Qc7 27.Rfe1 Ra2 28.
Kg1 Re2 29.Rxe2 fxe2 30.Re1 c4 31.dxc4 d3 32.Qe3 Qxc4 33.Qxe5+ Kh6 34.Qe3+
g5 35.Qe6+ Kg7 36.Qe5+ Kg6 37.Qe6+ Rf6 38.Qe8+ Kh6 39.Qe5 Qa6 40.h4 gxh4 
41.Qe3+ Kg6 42.Qe4+ Kg7 43.Qe7+ Rf7 44.Qxh4 Qf6 45.Qg4+ Kh8 46.Rxe2 dxe2 
47.Qxe2 Rf8 48.Qe3 Rd8 49.Qe4 h6 50.Kg2 Kg7 51.Kh3 Rf8 52.Qg4+ Kh8 0-1

[Event "Vasteras Open"]
[Site "Vasteras"]
[Date "2014.09.27"]
[Round "6.1"]
[White "Solodovnitjenko, Jurij"]
[Black "Andersson, Tommy"]
[Result "1-0"]
[WhiteElo "2566"]
[BlackElo "2337"]

1.e4 c5 2.Nc3 d6 3.Nge2 Nf6 4.d4 cxd4 5.Nxd4 a6 6.Bg5 Nbd7 7.Bc4 Qb6 8.O-O
e6 9.Qd2 Be7 10.Be3 Qb4 11.Be2 Ne5 12.a3 Qa5 13.h3 Qc7 14.Qe1 O-O 15.Rd1 
b5 16.f4 Nc4 17.Bc1 Bb7 18.b3 Nb6 19.Bf3 Rac8 20.Bb2 Rfd8 21.Kh1 Nbd7 22.
g4 Nf8 23.g5 N6d7 24.Bg2 Nb8 25.Qg3 Nc6 26.Nxc6 Bxc6 27.f5 Nd7 28.g6 hxg6 
29.fxe6 fxe6 30.Nd5 exd5 31.exd5 Bf6 32.dxc6 Ne5 33.Bd5+ Kh7 34.Rd4 Qe7 
35.Re4 g5 36.h4 g4 37.Rxg4 Rf8 38.Rgf4 Qe8 39.Rf5 Qg6 40.Qxg6+ Kxg6 41.Be6
Rxc6 42.Rg1+ Kh6 43.Bc1+ Kh7 44.Rh5# 1-0

[Event "Vasteras Open"]
[Site "Vasteras"]
[Date "2014.09.27"]
[Round "6.2"]
[White "Tari, Aryan"]
[Black "Kunin, Vitaly"]
[Result "1/2-1/2"]
[WhiteElo "2456"]
[BlackElo "2580"]

1.e4 d6 2.d4 Nf6 3.Nc3 e5 4.Nf3 Nbd7 5.Bc4 Be7 6.O-O O-O 7.a4 c6 8.Re1 
exd4 9.Nxd4 Ne5 10.Bb3 Re8 11.Bf4 Bf8 12.h3 Bd7 13.Qd2 h6 14.Rad1 a6 15.
Bh2 b5 16.f4 Nc4 17.Qc1 Qb6 18.axb5 axb5 19.Kh1 c5 20.Nf3 Bc6 21.Bxc4 bxc4
22.e5 Nh7 23.Re3 Rad8 24.exd6 Rxe3 25.Qxe3 Rxd6 26.Rxd6 Bxd6 27.f5 Bxh2 
28.Kxh2 Bxf3 29.Qxf3 Qxb2 30.Qa8+ Nf8 31.Nd5 Qe5+ 32.Kh1 Qe1+ 33.Kh2 Qe5+ 
34.Kh1 Qd6 35.Qc6 Qxc6 36.Ne7+ Kh7 37.Nxc6 Nd7 38.Kg1 g6 39.Kf2 gxf5 40.
Ne7 Ne5 41.Ke3 h5 42.Nxf5 Kg6 43.Ke4 f6 44.Ne3 h4 45.Nf5 Kg5 46.Ng7 Kg6 
47.Nf5 Kg5 48.Ng7 Kg6 49.Nf5 1/2-1/2

[Event "Vasteras Open"]
[Site "Vasteras"]
[Date "2014.09.27"]
[Round "6.3"]
[White "Karlsson, Lars"]
[Black "Berg, Emanuel"]
[Result "1-0"]
[WhiteElo "2425"]
[BlackElo "2555"]

1.b3 e5 2.Bb2 Nc6 3.e3 Nf6 4.Bb5 Bd6 5.Na3 a6 6.Bxc6 dxc6 7.Nc4 Qe7 8.
Nxd6+ cxd6 9.Ne2 h5 10.d3 h4 11.h3 Bf5 12.Qd2 Bg6 13.a4 Nh5 14.a5 Bf5 15.
O-O-O d5 16.Qc3 e4 17.Nd4 Bd7 18.dxe4 Qxe4 19.Nf3 Qe7 20.Ne5 Nf6 21.f3 
O-O-O 22.Rhe1 Rh5 23.Nd3 Be8 24.Qd4 Kb8 25.Kb1 Qc7 26.Qb4 Nd7 27.Bd4 Rg5 
28.Nc5 Nxc5 29.Qxc5 Kc8 30.f4 Rf5 31.Be5 Rxe5 32.fxe5 Bd7 33.e4 Be6 34.
exd5 cxd5 35.Qd4 Qxa5 36.Re3 Kb8 37.Rc3 Rh8 38.Rc5 Qd8 39.c4 Qg5 40.cxd5 
Bf5+ 41.Ka1 Qxg2 42.e6 fxe6 43.dxe6 Bxh3 44.e7 Bc8 45.Qe5+ Ka7 46.e8=Q 
Rxe8 47.Qxe8 Bg4 48.Qe3 1-0

[Event "Vasteras Open"]
[Site "Vasteras"]
[Date "2014.09.27"]
[Round "6.4"]
[White "Hillarp Persson, Tiger"]
[Black "Ernst, Thomas"]
[Result "1-0"]
[WhiteElo "2552"]
[BlackElo "2364"]

1.d4 Nf6 2.c4 g6 3.Nc3 d5 4.Nf3 Bg7 5.Qb3 dxc4 6.Qxc4 O-O 7.e4 Bg4 8.Be3 
Nfd7 9.O-O-O Nb6 10.Qc5 e5 11.d5 N8d7 12.Qa5 c6 13.dxc6 bxc6 14.Kb1 Qe7 
15.h3 Be6 16.Nd2 Rfb8 17.h4 Bf8 18.h5 g5 19.Rc1 f6 20.Ka1 Nc5 21.Ncb1 Nb7 
22.Qa6 Bc8 23.h6 Nd6 24.Qa5 Bd7 25.g3 Qf7 26.f4 Qe7 27.fxg5 fxg5 28.Na3 
Be8 29.Nf3 Nf7 30.Nc4 Bxh6 31.Rxh6 Nxh6 32.Bxg5 Qg7 33.Ncxe5 Nf7 34.Bd2 
Nd6 35.Bd3 Rc8 36.Nh4 Nb5 37.Bf4 Bd7 38.Nf5 Bxf5 39.exf5 Nd4 40.f6 Qxf6 
41.Ng4 Qe6 42.Qg5+ Kf8 43.Qc5+ Kg8 44.Nh6+ 1-0

[Event "Vasteras Open"]
[Site "Vasteras"]
[Date "2014.09.27"]
[Round "6.5"]
[White "Kockum, Anton Frisk"]
[Black "Smith, Axel"]
[Result "1/2-1/2"]
[WhiteElo "2371"]
[BlackElo "2481"]

1.e4 e5 2.Nf3 Nc6 3.Bb5 Nf6 4.d4 exd4 5.O-O a6 6.Ba4 Be7 7.Re1 b5 8.Bb3 d6
9.Bd5 Nxd5 10.exd5 Ne5 11.Nxd4 O-O 12.a4 bxa4 13.Nc3 Bg4 14.Qd2 Bd7 15.
Nxa4 c5 16.dxc6 Nxc6 17.Nc3 Nxd4 18.Qxd4 Bf6 19.Qxd6 Bxc3 1/2-1/2

[Event "Vasteras Open"]
[Site "Vasteras"]
[Date "2014.09.27"]
[Round "6.6"]
[White "Semcesen, Daniel"]
[Black "Westerberg, Jonathan"]
[Result "1/2-1/2"]
[WhiteElo "2472"]
[BlackElo "2414"]

1.c4 e5 2.Nc3 Nc6 3.Nf3 Nf6 4.e4 Bb4 5.d3 d6 6.g3 h6 7.Bg2 Be6 8.O-O Bxc3 
9.bxc3 Qd7 10.Rb1 b6 11.Nh4 Bh3 12.Nf5 Bxg2 13.Kxg2 g6 14.Ne3 Nh5 15.Qg4 
Ne7 16.h3 1/2-1/2

[Event "Vasteras Open"]
[Site "Vasteras"]
[Date "2014.09.27"]
[Round "6.7"]
[White "Blomqvist, Erik"]
[Black "Olofsson-Dolk, Mattis"]
[Result "1-0"]
[WhiteElo "2506"]
[BlackElo "2232"]

1.e4 c5 2.Nf3 d6 3.d4 cxd4 4.Nxd4 Nf6 5.Nc3 a6 6.h3 e5 7.Nb3 Be6 8.Be3 
Nbd7 9.g4 Nb6 10.g5 Nfd7 11.Qd2 Rc8 12.O-O-O Be7 13.Kb1 Nc4 14.Bxc4 Bxc4 
15.f4 exf4 16.Bxf4 Ne5 17.Qg2 Qc7 18.h4 O-O 19.Nd4 Rfe8 20.Nf5 Bf8 21.h5 
g6 22.Ne3 Bg7 23.hxg6 fxg6 24.Qh3 Bh8 25.Bxe5 Be6 26.Bxd6 1-0

[Event "Vasteras Open"]
[Site "Vasteras"]
[Date "2014.09.27"]
[Round "6.8"]
[White "Akesson, Ralf"]
[Black "Angskog, Kent"]
[Result "1/2-1/2"]
[WhiteElo "2471"]
[BlackElo "2208"]

1.d4 g6 2.c4 Bg7 3.Nc3 d6 4.Nf3 Bg4 5.e3 e5 6.dxe5 dxe5 7.Qxd8+ Kxd8 8.Ng5
Nh6 9.b3 f6 10.Nge4 Nf7 11.Ba3 Nd7 12.h3 Be6 13.O-O-O Kc8 14.g4 Bf8 15.
Bxf8 Rxf8 16.f4 f5 17.gxf5 gxf5 18.Ng3 c6 19.Be2 Kc7 20.Nd5+ Bxd5 21.cxd5 
Nd6 22.dxc6 bxc6 23.Rd2 exf4 24.exf4 Ne4 25.Nxe4 fxe4 26.Rf1 Nf6 27.Bc4 
Rad8 28.Be6 Rxd2 29.Kxd2 Rd8+ 30.Ke2 Rd3 31.Bg4 Kd6 32.Rf2 Kd5 33.Ke1 Kd4 
34.Rc2 Rc3 35.Rd2+ Rd3 36.Rc2 Rc3 37.Rd2+ Rd3 1/2-1/2

[Event "Vasteras Open"]
[Site "Vasteras"]
[Date "2014.09.28"]
[Round "7.1"]
[White "Hillarp Persson, Tiger"]
[Black "Solodovnitjenko, Jurij"]
[Result "1/2-1/2"]
[WhiteElo "2552"]
[BlackElo "2566"]

1.g3 d5 2.Nf3 c6 3.Bg2 Bg4 4.c4 e6 5.O-O Nf6 6.cxd5 Bxf3 7.Bxf3 cxd5 8.Nc3
Nc6 9.d3 Bd6 10.Bg2 O-O 11.Bd2 Rc8 12.Qa4 a6 13.Rfc1 Qe7 14.a3 Rc7 15.h3 
Rfc8 16.Qd1 h6 17.Rab1 Ne5 18.Na2 Nc6 19.Nc3 Ne5 20.Na2 Nc6 1/2-1/2

[Event "Vasteras Open"]
[Site "Vasteras"]
[Date "2014.09.28"]
[Round "7.2"]
[White "Blomqvist, Erik"]
[Black "Karlsson, Lars"]
[Result "1-0"]
[WhiteElo "2506"]
[BlackElo "2425"]

1.e4 c5 2.Nf3 Nc6 3.Bb5 Nf6 4.Nc3 Nd4 5.e5 Nxb5 6.Nxb5 Nd5 7.Ng5 f5 8.O-O 
e6 9.d4 c4 10.Qh5+ g6 11.Qe2 a6 12.Nd6+ Bxd6 13.exd6 b5 14.a4 b4 15.Qxc4 
a5 16.Re1 O-O 17.Qb3 f4 18.Re5 h6 19.Ne4 Rf5 20.c4 bxc3 21.bxc3 Qh4 22.c4 
f3 23.cxd5 Rxe5 24.Nf6+ Qxf6 25.dxe5 Qxe5 26.Bb2 Qxd5 27.Qc3 e5 28.Re1 Rb8
29.Rxe5 Qxd6 30.Re1 Rxb2 31.Qxb2 fxg2 32.Qb3+ Kf8 33.Qf3+ 1-0

[Event "Vasteras Open"]
[Site "Vasteras"]
[Date "2014.09.28"]
[Round "7.3"]
[White "Kunin, Vitaly"]
[Black "Kockum, Anton Frisk"]
[Result "1-0"]
[WhiteElo "2580"]
[BlackElo "2371"]

1.d4 Nf6 2.Nf3 e6 3.g3 b5 4.Bg2 d5 5.O-O Be7 6.b3 Nbd7 7.c4 c6 8.Qc2 O-O 
9.Nbd2 Ba6 10.c5 b4 11.Re1 Bb5 12.a4 bxa3 13.Nb1 Ne4 14.Nxa3 a6 15.Bb2 Qc7
16.Ra2 f5 17.Rea1 Qb7 18.Nc4 Rab8 19.Nce5 Nxe5 20.Nxe5 Bf6 21.Bc1 Qc8 22.
Be3 Qe8 23.Qc1 Bd8 24.f3 Nf6 25.Bf4 Rb7 26.Qc2 Nh5 27.Be3 f4 28.Bf2 Bc7 
29.Re1 g6 30.e4 fxg3 31.hxg3 Bxe5 32.dxe5 Rd7 33.exd5 Rxd5 34.Raa1 Qd7 35.
Rad1 Rd8 36.Rxd5 Qxd5 37.b4 Qd2 38.Qb3 Qd5 39.Qe3 Qd2 40.Qb3 Qd5 41.Qe3 
Qd2 42.Qe4 Qd3 43.Qh4 Rd7 44.f4 Ng7 45.Qh1 Qb3 46.Bxc6 Rd8 47.Bxb5 axb5 
48.Qb7 Qxb4 49.c6 Qc3 50.c7 Rf8 51.Rd1 g5 52.Rd8 Qc1+ 53.Kg2 1-0

[Event "Vasteras Open"]
[Site "Vasteras"]
[Date "2014.09.28"]
[Round "7.4"]
[White "Smith, Axel"]
[Black "Hedman, Erik"]
[Result "1-0"]
[WhiteElo "2481"]
[BlackElo "2362"]

1.Nf3 c5 2.c4 Nc6 3.d4 cxd4 4.Nxd4 Nf6 5.Nc3 e6 6.g3 Qb6 7.Ndb5 Ne5 8.Bf4 
Nfg4 9.e3 a6 10.Qa4 Qc6 11.Bxe5 Nxe5 12.O-O-O Rb8 13.Nd6+ Bxd6 14.Qxc6 
Nxc6 15.Rxd6 Ke7 16.Rd2 d6 17.Be2 Rd8 18.g4 f6 19.f4 b6 20.Rhd1 Bb7 21.b3 
Rd7 22.Kb2 Nd8 23.Bd3 h6 24.f5 e5 25.Nd5+ Bxd5 26.cxd5 Ra7 27.Rc2 Kd7 28.
Rdc1 Nf7 29.e4 Ng5 30.Rc3 Nf7 31.h4 Rh8 32.Bxa6 Rxa6 33.Rc7+ Ke8 34.Rc8+ 
Nd8 35.R1c7 Rg8 36.Rb7 1-0

[Event "Vasteras Open"]
[Site "Vasteras"]
[Date "2014.09.28"]
[Round "7.5"]
[White "Lindgren, Philip"]
[Black "Semcesen, Daniel"]
[Result "1/2-1/2"]
[WhiteElo "2342"]
[BlackElo "2472"]

1.g3 d5 2.Nf3 Bg4 3.Bg2 Nc6 4.c4 e6 5.b3 Nf6 6.Bb2 d4 7.O-O a5 8.e3 Bc5 9.
h3 Bh5 10.Na3 O-O 11.Nb5 e5 12.exd4 exd4 13.Re1 Nb4 14.d3 c6 15.Na3 Qd6 
16.Nc2 Bxf3 17.Bxf3 Rfe8 18.a3 Nxc2 19.Rxe8+ Rxe8 20.Qxc2 h5 21.h4 g6 22.
Qd1 Kg7 23.Bc1 Qe7 24.Bd2 Bxa3 25.Bxa5 Bb4 26.Kg2 Bxa5 27.Rxa5 Qb4 28.Qa1 
Re1 29.Qa3 Qxa3 30.Rxa3 Rb1 31.Ra8 Rxb3 32.Rb8 Nd7 33.Rd8 Ne5 34.Rxd4 Rxd3
35.Rxd3 Nxd3 36.Be2 Ne5 37.f4 Ng4 38.Kf3 f5 39.Bd3 Kf8 40.Ke2 Ke7 41.c5 
Nf6 42.Ke3 Nd7 43.Kd4 b6 44.cxb6 Nxb6 45.Kc5 Nd5 46.Bc4 Nf6 47.Kxc6 Ne4 
48.Kd5 Nxg3 49.Bd3 Nh1 50.Ke5 Nf2 51.Bxf5 Ng4+ 52.Ke4 Nf2+ 53.Ke5 Ng4+ 54.
Ke4 Nf6+ 55.Ke5 gxf5 56.Kxf5 Kf7 57.Kg5 Kg7 58.f5 Kf7 59.Kh6 Kf8 60.Kg6 
Ke7 61.Kg5 Kf7 62.Kh6 Ke8 63.Kg7 Ke7 64.Kg6 Nd5 65.Kxh5 Kf6 66.Kg4 Ne3+ 
67.Kf3 Nxf5 68.Ke4 Nxh4 1/2-1/2

[Event "Vasteras Open"]
[Site "Vasteras"]
[Date "2014.09.28"]
[Round "7.6"]
[White "Andersson, Tommy"]
[Black "Tari, Aryan"]
[Result "0-1"]
[WhiteElo "2337"]
[BlackElo "2456"]

1.d4 Nf6 2.c4 e6 3.g3 d5 4.Nf3 dxc4 5.Qa4+ Nbd7 6.Bg2 c5 7.O-O a6 8.dxc5 
Bxc5 9.Nc3 O-O 10.Qxc4 b5 11.Qf4 Bb7 12.Ng5 Bxg2 13.Kxg2 Qb6 14.Nce4 Nd5 
15.Qh4 h6 16.Nxc5 hxg5 17.Nxd7 Qc6 18.Qe4 f5 19.Nxf8 fxe4 20.Ng6 e3 21.f3 
Qc2 0-1

[Event "Vasteras Open"]
[Site "Vasteras"]
[Date "2014.09.28"]
[Round "7.7"]
[White "Westerberg, Jonathan"]
[Black "Bergstrom, Peter"]
[Result "1-0"]
[WhiteElo "2414"]
[BlackElo "2302"]

1.e4 c6 2.d4 d5 3.Nc3 dxe4 4.Nxe4 Bf5 5.Ng3 Bg6 6.Nh3 e6 7.Nf4 Qc7 8.h4 
Bd6 9.Nxg6 hxg6 10.Ne4 Bf4 11.Qf3 Bxc1 12.Rxc1 Nd7 13.Qa3 Ne7 14.g3 Nf6 
15.Ng5 a6 16.Bg2 Rd8 17.Rd1 Nf5 18.Nf3 Rd5 19.c4 Qa5+ 20.Qxa5 Rxa5 21.Ra1 
Ke7 22.Ke2 Rd8 23.Rhd1 c5 24.dxc5 Rxd1 25.Kxd1 Rxc5 26.Nd2 b6 27.b4 Re5 
28.c5 b5 29.Bf3 Nd5 30.a3 Nd4 31.Rc1 Rf5 32.Bxd5 Rxd5 33.Rc3 Nc6 34.Ke2 a5
35.bxa5 Nxa5 36.Ne4 Nc6 37.Nd6 b4 38.axb4 Nxb4 39.Nc8+ Kd8 40.Nd6 Ke7 41.
f4 Nc6 42.Nc8+ Kd8 43.Nb6 Rd4 44.Ke3 Rb4 45.Rd3+ Ke8 46.Ra3 Rb5 47.Ra8+ 
Ke7 48.Nc8+ Kd7 49.Nd6 Rxc5 50.Nxf7 Ke7 51.Nh8 e5 52.Nxg6+ Kf6 53.Nf8 
exf4+ 54.Kxf4 Rc4+ 55.Kf3 Ne5+ 56.Kg2 Kf5 57.Ra5 Ke4 58.Ne6 g6 59.Ng5+ Kd4
60.Ra6 Rc6 61.Nf3+ Ke4 62.Ra4+ Rc4 63.Nd2+ 1-0

[Event "Vasteras Open"]
[Site "Vasteras"]
[Date "2014.09.28"]
[Round "7.8"]
[White "Berg, Emanuel"]
[Black "Lindborg, Petter"]
[Result "1/2-1/2"]
[WhiteElo "2555"]
[BlackElo "2240"]

1.e4 e6 2.Qe2 c5 3.b3 Nc6 4.Nf3 e5 5.Bb2 d6 6.Nc3 Nge7 7.Qd1 g6 8.Bc4 Bg7 
9.Nd5 O-O 10.h4 Bg4 11.Ne3 Be6 12.Bxe6 fxe6 13.Ng5 Qd7 14.Qg4 Rf6 15.h5 h6
16.Nh3 g5 17.d3 Kh7 18.c3 Rf7 19.Bc1 Ng8 20.Qe2 Raf8 21.Ng4 Nf6 22.Bxg5 
Nxg4 23.Qxg4 hxg5 24.Nxg5+ Kh8 25.h6 Bf6 26.Nxf7+ Qxf7 27.Qh5 Qxh5 28.Rxh5
Rg8 29.g3 Kh7 30.Kf1 Rg6 31.Kg2 Rxh6 32.Rxh6+ Kxh6 33.Kf3 b5 34.Kg4 Kg6 
35.c4 b4 36.Rh1 Nd4 37.f4 Bg7 38.Rh5 Nc2 39.f5+ exf5+ 40.exf5+ Kf6 41.Kf3 
Nd4+ 42.Ke4 Ne2 43.Kd5 Nxg3 44.Rh2 Nxf5 45.Rf2 Bh6 46.Ke4 Bf4 47.Rg2 Ne7 
48.Rg1 a5 49.Rh1 Kg7 50.Rg1+ Kf7 51.Rh1 Kg8 52.Rg1+ Kf7 53.Rh1 Ke6 54.Rh8 
Bd2 55.Ra8 Bg5 56.Rxa5 Ng8 57.Kf3 Be7 58.a3 bxa3 59.Rxa3 Nh6 60.Ra4 Nf5 
61.b4 Nd4+ 62.Kg4 cxb4 63.Rxb4 Bd8 64.Rb8 Kd7 65.Kg3 Bc7 66.Rh8 Bb6 67.Kf2
Ne6+ 68.Kf3 Kc6 69.Rc8+ Bc7 70.Ke4 Nc5+ 71.Ke3 Kb7 72.Rh8 Bb6 73.Rg8 Na4+ 
74.Kd2 Bd4 75.Rd8 Kc7 76.Rg8 Nb6 77.Ke2 Kd7 78.Rf8 Kc6 79.Rf1 Kc5 80.Rb1 
Na4 81.Rb5+ Kc6 82.Ra5 Nb6 83.Ra3 Bb2 84.Rb3 Bc1 85.Rb1 Bf4 86.Kf3 Na4 87.
Rb4 Nc5 88.Ke2 Ne6 89.Kf3 Kc5 90.Rb5+ Kc6 91.Rb4 Nc7 92.Ra4 Bd2 93.Ke4 Ne6
94.Ra6+ Kc5 95.Ra2 Bc3 96.Ra8 Ng5+ 97.Ke3 Bd4+ 98.Kd2 Kc6 99.Rc8+ Kd7 100.
Rg8 Ne6 101.Ke2 Nc5 102.Kd2 Bf2 103.Ke2 Bh4 104.Rg6 Ne6 105.Rg8 Bg5 106.
Kf3 Bc1 107.Rg1 Bb2 108.Rg2 Bc3 109.Rg8 Nc5 110.Ke3 Bd4+ 111.Ke2 Kc6 112.
Rc8+ Kd7 1/2-1/2

[Event "Vasteras Open"]
[Site "Vasteras"]
[Date "2014.09.28"]
[Round "8.2"]
[White "Smith, Axel"]
[Black "Hillarp Persson, Tiger"]
[Result "1/2-1/2"]
[WhiteElo "2481"]
[BlackElo "2552"]

1.d4 Nf6 2.c4 g6 3.Nc3 Bg7 4.e4 d6 5.Bd3 O-O 6.Nge2 a6 7.O-O Nbd7 8.Bc2 c6
9.a4 a5 10.h3 Ne8 11.Be3 Nc7 12.Qd2 Na6 13.Rae1 Nb4 14.Bb1 b6 15.f4 Ba6 
16.b3 e5 17.Na2 Nxa2 18.Qxa2 Qe7 19.Rf3 exf4 20.Nxf4 Bb7 21.Bf2 Rae8 22.
Qd2 c5 23.dxc5 Nxc5 24.Nd5 Bxd5 25.exd5 Qd8 26.Bc2 Rxe1+ 27.Qxe1 Re8 28.
Re3 Rxe3 29.Qxe3 Be5 30.Qf3 h5 31.g4 Qg5 32.Be3 hxg4 33.Bxg5 gxf3 34.Kf2 
f6 35.Bd2 Kf7 36.Kxf3 f5 1/2-1/2